Préstamo de 250 millones para obras provinciales
Publicado:
San Jorge, núm. 86 - 87 (2n i 3r trimestre 1972), pàg 122 - 123 :
MARC
| LEADER | 00000nam a2200000Ia 4500 | ||
|---|---|---|---|
| 001 | |||
| 008 | 160829s9999 xx 000 0 cat d | ||
| 245 | |a Préstamo de 250 millones para obras provinciales | ||
| 260 | |a San Jorge, núm. 86 - 87 (2n i 3r trimestre 1972), pàg 122 - 123 | ||
| 610 | 2 | 0 | |a Banco de Crédito Local de España |9 53585 |
| 610 | 1 | 0 | |a Barcelona (Catalunya : Província). |b Diputació |9 52408 |
| 650 | |a Préstecs bancaris |9 31120 | ||
| 901 | |a Arxiu | ||
| 942 | |n 1 | ||
| 952 | |0 0 |1 0 |4 0 |7 1 |9 48348 |a Arxiu |b Arxiu |d 2016-12-01 |l 0 |r 2016-12-01 00:00:00 |w 2016-12-01 |y ARXIU | ||
| 999 | |c 52154 |d 52154 | ||